5 pays les plus chauds par continent - Statistiques

Statistiques générales
  • Ce quiz a été pris 34 629 fois
    14 139 depuis la dernière actualisation
  • Le résultat moyen est 12 sur 30
Statistiques - réponses
°C % Correct
Amérique du Sud 25,5 Brésil
83%
Europe 15,9 Grèce
81%
Europe 16,2 Portugal
74%
Amérique du Sud 25,3 Colombie
70%
Europe 20,3 Malte
65%
Amérique du Sud 25,8 Venezuela
64%
Afrique 29,2 Mali
57%
Amérique du Sud 26,4 Guyana
54%
Amérique du Sud 26,6 Suriname
54%
Afrique 28,8 Sénégal
47%
Afrique 28,8 Mauritanie
42%
Asie 28,1 Qatar
40%
Asie 28,3 Émirats Arabes Unis
39%
Asie 27,8 Oman
38%
Océanie 28,4 Tuvalu
32%
Océanie 27,8 Nauru
31%
Afrique 29,4 Burkina Faso
30%
Océanie 28,1 Îles Marshall
30%
Océanie 28,4 Kiribati
30%
Amérique du Nord 26,7 Barbade
29%
Europe 16,8 Vatican
29%
Océanie 27,9 Palaos
28%
Europe 14,2 Saint-Marin
28%
Amérique du Nord 26,8 Dominique
27%
Amérique du Nord 27,7 Saint-Christophe-et-Niévès
27%
Amérique du Nord 26,7 Trinité-et-Tobago
26%
Amérique du Nord 27,4 Antigua-et-Barbuda
25%
Asie 28,2 Maldives
18%
Asie 27,9 Brunei
13%
Afrique 28,7 Djibouti
13%
Aucun quiz correspondant
Distribution des résultats
% des personnes avec chaque résultat
Percentile par nombre de réponses
Votre historique - résultats
Vous n’avez pas pris ce quiz depuis la dernière actualisation